| 000 | 01463nam a2200349 c 4500 | ||
|---|---|---|---|
| 999 |
_c56939 _d56939 |
||
| 003 | BLK | ||
| 005 | 20200508154932.0 | ||
| 008 | 180408b bul|||||r ||||||| ||bul|| | ||
| 010 | _aKNG00060926000 | ||
| 040 | _aBLK | ||
| 041 |
_aBUL _cBUL |
||
| 080 |
_aМикробиология. Вж и 663 _b579 _x(075.8) _z579(075.8) |
||
| 080 |
_aСелско стопанство. Горско стопанство. Лов. Рибно стопанство _b63 _x:579(075.8) _z63:579(075.8) |
||
| 100 | 1 |
_aКиров, Николай Т. _eпърви автор _9369399 |
|
| 139 |
_aКиров, Николай Т. и др. _bК 59 |
||
| 245 | 1 | 0 |
_aМикробиология _bУчебник за студентите по зооинженерство _cНиколай Т. Киров; съавт. Христо Вичев Чомаков. |
| 250 | _a2. прераб. и доп. изд. | ||
| 257 | _aBGR | ||
| 260 |
_bЗемиздат _c1985 _fХасково : Ат. Стратиев _aСофия |
||
| 300 |
_a284 с. _bс ил. _c24 см |
||
| 380 | _a5 | ||
| 500 | _a1. изд. 1977 | ||
| 650 | 4 |
_aМикробиология - учебници за ВУЗ _9242072 |
|
| 653 | _aмикробиология | ||
| 653 | _aучебници за ВУЗ | ||
| 700 | 1 |
_aЧомаков, Христо Вичев _eсъавт. _9275630 |
|
| 852 | _aЦб 133453 | ||
| 856 | 4 | _qpdf | |
| 856 | 4 | _qpdf | |
| 942 |
_cKNG _n0 _s1 |
||
| 944 |
_aCR _c13.06.2004 _kГеновева_Генчева |
||
| 944 |
_aED _c20.08.2015 |
||
| 999 | _d56939 | ||